000 00323nam a22001457a 4500
008 180813b xxu||||| |||| 00| 0 eng d
020 _a0683046195
041 _aeng
080 _a61
082 _a61
100 _a6
101 _aANE
245 _aNarcotic analgesics in anesthesiology
_cKitahata.L.M
942 _2udc
_cBK
999 _c47056
_d47056